Visualizzazione normale
Vista MARC
- Nancy, Jean-Luc.
di Personal Name
Records bibliografici associati: 1
001 - CONTROL NUMBER
- control field: 59079
003 - CONTROL NUMBER IDENTIFIER
- control field:
005 - DATE AND TIME OF LATEST TRANSACTION
- control field: 20220223095547.0
008 - FIXED-LENGTH DATA ELEMENTS
- fixed length control field: 220223|| aca||aabn | a|a d
040 ## - CATALOGING SOURCE
- Original cataloging agency:
- Transcribing agency:
100 ## - HEADING--PERSONAL NAME
- Personal name: Nancy, Jean-Luc.
- Dates associated with a name: 1940
670 ## - SOURCE DATA FOUND
- Source citation: Work cat.: ()0: Nancy, Jean-Luc. 1940 autore, Essere singolare plurale., 2001 e 2020